[Event "Pan American-ch U14"]
[Site "Santiago de Chile"]
[Date "2018.07.24"]
[Round "4"]
[White "Caja Cruz, Gabriel"]
[Black "Ibarra, Juan Martin"]
[Result "0-1"]
[WhiteElo "1809"]
[BlackElo "1951"]
[PlyCount "85"]
[EventDate "2018.07.22"]
[EventType "swiss"]
[EventRounds "9"]
[EventCountry "CHI"]
[SourceTitle "EXT 2022"]
[Source "ChessBase"]
[SourceDate "2021.10.06"]
[SourceVersion "1"]
[SourceVersionDate "2021.10.06"]
[SourceQuality "1"]

1. e4 c5 2. Nf3 d6 3. d4 cxd4 4. Nxd4 Nf6 5. Nc3 g6 6. Be3 Bg7 7. f3 0-0 8. Bc4 Nc6 9. Qd2 Bd7 10. g4 Rc8 11. Bb3 Qa5 12. 0-0-0 Ne5 13. Nd5 Qxd2+ 14. Rxd2 Nxd5 15. Bxd5 Nc4 16. Bxc4 Rxc4 17. Kb1 Rfc8 18. h4 a5 19. Ne2 a4 20. b3 axb3 21. cxb3 Rb4 22. Rc1 f5 23. Rxc8+ Bxc8 24. Rc2 Be6 25. Nf4 Bxb3 26. axb3 Rxb3+ 27. Ka2 Rxe3 28. Nd5 Rxf3 29. exf5 Kf7 30. Rc7 Rf2+ 31. Kb3 Re2 32. fxg6+ hxg6 33. Rc4 Be5 34. Rc7 Ke6 35. Nb4 Rh2 36. h5 gxh5 37. gxh5 Rxh5 38. Rxb7 Rh3+ 39. Kc2 Rc3+ 40. Kd2 Rf3 41. Kc2 Rf2+ 42. Kd3 Kf6 43. Rb8 0-1

[Event "Lima-ch U14"]
[Site "Lima"]
[Date "2017.01.19"]
[Round "1.5"]
[White "Caja Cruz, Gabriel"]
[Black "Caceres Larico, Joaquin"]
[Result "1-0"]
[WhiteElo "1664"]
[BlackElo "1309"]
[PlyCount "109"]
[EventDate "2017.01.19"]
[EventType "swiss"]
[EventRounds "7"]
[EventCountry "PER"]
[SourceTitle "EXT 2024"]
[Source "ChessBase"]
[SourceDate "2023.10.10"]
[SourceVersion "1"]
[SourceVersionDate "2023.10.10"]
[SourceQuality "1"]

1. e4 c6 2. d4 d5 3. exd5 cxd5 4. c4 e6 5. Nc3 Nf6 6. Nf3 b6 7. Bf4 Nc6 8. a3 Bd6 9. Bxd6 Qxd6 10. Rc1 Ne4 11. cxd5 exd5 12. Bb5 Bd7 13. Qa4 a6 14. Bxc6 Qxc6 15. Qxc6 Bxc6 16. Nxe4 dxe4 17. Ne5 Bb7 18. Nc4 Bd5 19. Nxb6 Rd8 20. Nxd5 Rxd5 21. Rc8+ Rd8 22. Rxd8+ Kxd8 23. Kd2 f5 24. Rc1 Kd7 25. Rc5 g6 26. Ra5 Ra8 27. b4 Kc6 28. b5+ Kb6 29. Rxa6+ Rxa6 30. bxa6 Kxa6 31. Ke3 Kb5 32. g4 Kc4 33. gxf5 gxf5 34. Kf4 Kxd4 35. a4 Kc5 36. Kxf5 Kb4 37. Kxe4 Kxa4 38. f4 Kb5 39. Ke5 Kc6 40. Ke6 Kc7 41. Ke7 Kc8 42. f5 Kc7 43. f6 Kc6 44. f7 Kd5 45. f8Q h5 46. Qf5+ Kd4 47. Qxh5 Kc3 48. Qf5 Kd4 49. h4 Kc4 50. h5 Kd4 51. h6 Ke3 52. h7 Kd4 53. h8Q+ Ke3 54. Qc3+ Ke2 55. Qff3# 1-0

[Event "Santiago de Surco Cup Santa Maria 1st"]
[Site "Santiago de Surco"]
[Date "2016.12.08"]
[Round "5.3"]
[White "Fernandez Perez, Jorge Andres"]
[Black "Caja Cruz, Gabriel"]
[Result "1-0"]
[WhiteElo "2150"]
[BlackElo "1667"]
[PlyCount "45"]
[EventDate "2016.11.26"]
[EventType "swiss"]
[EventRounds "7"]
[EventCountry "PER"]
[SourceTitle "EXT 2024"]
[Source "ChessBase"]
[SourceDate "2023.10.10"]
[SourceVersion "1"]
[SourceVersionDate "2023.10.10"]
[SourceQuality "1"]

1. e4 c5 2. Nc3 Nc6 3. f4 g6 4. Nf3 d6 5. Bc4 Bg7 6. 0-0 Nf6 7. d3 0-0 8. Qe1 Bg4 9. e5 Ne8 10. e6 f6 11. Nd5 Bxf3 12. Rxf3 b5 13. Bb3 Nd4 14. Rh3 Nc7 15. Nxc7 Qxc7 16. Bd5 Rad8 17. c3 Nf5 18. g4 Nh6 19. Qh4 c4 20. d4 b4 21. g5 fxg5 22. fxg5 Rf5 23. Be4 1-0